| 000 | 00679nam a2200181Ia 4500 | ||
|---|---|---|---|
| 005 | 20260429112248.0 | ||
| 008 | 260429s9999||||xx |||||||||||||| ||und|| | ||
| 020 | _a9788178541167 | ||
| 041 | _aHindi | ||
| 082 |
_a294.5922 _bKUM |
||
| 100 | _aकुमार, आचार्य पुष्पेंद्र | ||
| 245 | 0 |
_aवाल्मीकि के वीर हनुमान / _cआचार्य पुष्पेंद्र कुमार |
|
| 250 | _a1st ed. | ||
| 260 |
_aदिल्ली : _bईस्टर्न बुक लिंकर, _c2007. |
||
| 300 | _axl, 738 p.; Hb | ||
| 650 | _aवाल्मीकि रामायण | ||
| 942 | _cTB | ||
| 999 |
_c53189 _d53189 |
||